Sports Quiz

Random Sports or Basketball Quiz

NBA Yearly Leaders: 3PM, 3PA, 3P% Quiz Stats

 Plays Quiz Updated Jun 1, 2018

Challenge
Share
Tweet
Embed
Score 0/117 Timer 10:00
24 Plays Today
hint % Correct
2014-15Stephen Curry
99.2%
2014-15Stephen Curry
99.2%
2013-14Stephen Curry
99.2%
2013-14Stephen Curry
99.2%
2012-13Stephen Curry
99.2%
2012-13Stephen Curry
99.2%
2015-16Stephen Curry
99.2%
2015-16Stephen Curry
99.2%
2016-17Stephen Curry
99%
2016-17Stephen Curry
99%
1998-99Dell Curry
97.9%
2017-18James Harden
97.3%
2017-18James Harden
97.3%
2004-05Quentin Richardson & Kyle Korver
86%
2016-17Kyle Korver
86%
2014-15Kyle Korver
85.5%
2013-14Kyle Korver
85.5%
2009-10Kyle Korver
85.5%
2005-06Ray Allen
79.8%
2005-06Ray Allen
79.8%
2002-03Ray Allen
79.8%
2001-02Ray Allen
79.8%
1992-93Dan Majerle & Reggie Miller
67.9%
1996-97Reggie Miller
67.5%
2015-16J.J. Redick
62.6%
1986-87Larry Bird
56.7%
1985-86Larry Bird
56.7%
1985-86Larry Bird
56.7%
1997-98Dale Ellis
52%
1986-87Dale Ellis
52%
1994-95Steve Kerr
45.9%
1989-90Steve Kerr
45.9%
2001-02Steve Smith
45.5%
2008-09Rashard Lewis
42.9%
2008-09Rashard Lewis
42.9%
2004-05Quentin Richardson
42.2%
2007-08Jason Richardson
42.1%
2007-08Jason Richardson
42.1%
2003-04Peja Stojakovic
41.2%
hint % Correct
2006-07Raja Bell & Gilbert Arenas
41.2%
2002-03Antoine Walker
40.5%
2001-02Antoine Walker
40.5%
2000-01Antoine Walker
40.5%
2000-01Antoine Walker
40.5%
2006-07Gilbert Arenas
39.9%
1999-00Gary Payton
39.3%
1999-00Gary Payton
39.3%
2003-04Baron Davis
37.5%
1999-00Hubert Davis
37.4%
1993-94Dan Majerle
36.4%
1993-94Dan Majerle
36.4%
1992-93Dan Majerle
36.4%
1994-95John Starks
31.2%
1994-95John Starks
31.2%
2011-12Ryan Anderson
30.6%
2011-12Ryan Anderson
30.6%
2017-18Darren Collison
29.1%
2005-06Richard Hamilton
26.4%
1995-96Dennis Scott
24.4%
1984-85Byron Scott
24.3%
1996-97Glen Rice
23.3%
2002-03Bruce Bowen
19.4%
2012-13Jose Calderon
18.7%
2007-08Jason Kapono
17.5%
2006-07Jason Kapono
17.5%
1987-88Danny Ainge
17.4%
2011-12Steve Novak
16.7%
1992-93B.J. Armstrong
14.6%
1991-92Vernon Maxwell
14.3%
1991-92Vernon Maxwell
14.3%
1990-91Vernon Maxwell
14.3%
2000-01Brent Barry
14%
1987-88Craig Hodges
13.4%
1985-86Craig Hodges
13.4%
2010-11Matt Bonner
11.4%
1990-91Michael Adams
10.8%
1989-90Michael Adams
10.8%
1989-90Michael Adams
10.8%
hint % Correct
1988-89Michael Adams
10.8%
1988-89Michael Adams
10.8%
1987-88Michael Adams
10.8%
1998-99Dee Brown
10.7%
1998-99Dee Brown
10.7%
1979-80Fred Brown
10.7%
2009-10Aaron Brooks
10%
2009-10Aaron Brooks
10%
1996-97Mookie Blaylock
7.9%
1997-98Wesley Person
7.6%
1997-98Wesley Person
7.6%
1995-96Tim Legler
7.2%
1986-87Kiki Vandeweghe
6.7%
2010-11Dorell Wright
6.1%
2010-11Dorell Wright
6.1%
1984-85Darrell Griffith
6%
1984-85Darrell Griffith
6%
1983-84Darrell Griffith
6%
1983-84Darrell Griffith
6%
1983-84Darrell Griffith
6%
2008-09Anthony Morrow
5.1%
1982-83Mike Dunleavy
4.6%
1982-83Mike Dunleavy
4.6%
1982-83Mike Dunleavy
4.6%
1991-92Dana Barros
4.5%
1981-82Campy Russell
3.5%
1993-94Tracy Murray
3.5%
2004-05Fred Hoiberg
2.8%
1995-96George McCloud
2.5%
2003-04Anthony Peeler
2.1%
1980-81Brian Taylor
1.8%
1979-80Brian Taylor
1.8%
1979-80Brian Taylor
1.8%
1988-89Jon Sundvold
1.4%
1981-82Don Buse
1.3%
1990-91Jim Les
1%
1980-81Mike Bratz
0.9%
1980-81Mike Bratz
0.9%
1981-82Joe Hassett
0.8%

You're not logged in!

Compare scores with friends on all Sporcle quizzes.
OR
Log In

You Might Also Like...

Show Comments

Extras

Top Quizzes Today


Score Distribution

Your Account Isn't Verified!

In order to create a playlist on Sporcle, you need to verify the email address you used during registration. Go to your Sporcle Settings to finish the process.

Report this User

Report this user for behavior that violates our Community Guidelines.

Details: